| 000 | 01067nam a2200217Ia 4500 | ||
|---|---|---|---|
| 001 | 15832 | ||
| 003 | GE_BSU | ||
| 008 | 181216s||||||||xx |||||||||||||| ||und|| | ||
| 040 | _cGE_BSU | ||
| 080 | _a821.353.1-1(092ჩახრუხაძე) | ||
| 245 | _aძველი ქართველი მეხოტბენი | ||
| 245 | _bДревнегрузинские одописцы | ||
| 245 | _c[გამოკვლევა] / ჩახრუხაძე ; ტექსტი გამოსცა, გამოკვლევა და ლექსიკონი დაურთო ი.ა. ლოლაშვილმა | ||
| 260 | _aთბილისი | ||
| 260 | _bსაქ. სსრ მეცნ. აკად. გამ-ბა | ||
| 260 | _c1957 | ||
| 300 | _a270 გვ.22სმ. | ||
| 653 | _aქართველი მწერლები; ძველი ქართული სახოტბო ლიტერატურა | ||
| 653 | _aძველი ქართველი მეხოტბენი | ||
| 942 | _cBK | ||
| 999 |
_c48929 _d48929 |
||